Sports Quiz

Random Sports Quiz

Dallas Cowboys All-Time Rushing Leaders Quiz Stats

 Plays Quiz not verified by Sporcle

Score 0/14 Timer 03:00
0 Plays Today
Rusher % Correct
Emmitt Smith
99.6%
Tony Dorsett
97%
Ezekiel Elliott
88.2%
DeMarco Murray
83.6%
Marion Barber
77.5%
Felix Jones
77.5%
Julius Jones
74.2%
Rusher % Correct
Calvin Hill
68.2%
Herschel Walker
66.1%
Robert Newhouse
53%
Walt Garrison
49.2%
Don Perkins
48.7%
Ron Springs
26.4%
Roger Staubach
26%

You're not logged in!

Compare scores with friends on all Sporcle quizzes.
Join for Free
OR
Log In

You Might Also Like...

Show Comments

Extras

Top Quizzes Today


Score Distribution

Your Account Isn't Verified!

In order to create a playlist on Sporcle, you need to verify the email address you used during registration. Go to your Sporcle Settings to finish the process.

Report this User

Report this user for behavior that violates our Community Guidelines.

Details: